Guess The Country (Drawing) 2 - Statistics

General Stats
  • This quiz has been taken 37 times
  • The average score is 7 of 10
Answer Stats
Picture Answer % Correct
India
100%
United States
97%
Argentina
91%
Russia
91%
Azerbaijan
63%
Gabon
63%
Kazakhstan
63%
Georgia
60%
Guinea-Bissau
40%
St Vincent and The Grenadines
29%
No matching quizzes found
Score Distribution
Percent of People with Each Score
Percentile by Number Answered
Your Score History
You have not taken this quiz